00448 2200169 4500001002100000008004100021035002000062245007600082100002100158250000600179260003300185300001200218084001400230082000800244650001400252990001200266INLIS000000000000462 ind  a0010-0424000438 aLagu - Lagu Wajib Nasional Dan Daerah " INDONESIAKU "cDinas Pendidikan aDinas Pendidikan a1 aJawa Tengah :bPandawa Group a170 hlm a700 DIN t a700 aNon Fiksi a0722647